Los popolocas / (Record no. 185294)

MARC details
000 -LEADER
campo de control de longitud fija 00675nam a2200193 i 4500
001 - NÚMERO DE CONTROL
campo de control 185294
003 - IDENTIFICADOR DE NÚMERO DE CONTROL
campo de control ES-MaACL
005 - FECHA Y HORA DE LA ÚLTIMA TRANSACCIÓN
campo de control 20250626063221.0
008 - DATOS DE LONGITUD FIJA--INFORMACIÓN GENERAL
campo de control de longitud fija 160510s1905 mx |||| | spa d
100 1# - ENTRADA PRINCIPAL--NOMBRE DE PERSONA
Nombre de persona León, Nicolás,
Fechas asociadas al nombre 1859-1929
9 (RLIN) 71588
245 14 - MENCIÓN DEL TÍTULO
Título Los popolocas /
Mención de responsabilidad, etc. N. León.
260 ## - PUBLICACIÓN, DISTRIBUCIÓN, ETC.
Lugar de publicación, distribución, etc. México :
Nombre del editor, distribuidor, etc. [s.n.],
Fecha de publicación, distribución, etc. 1905 (
Fabricante Imp. del Museo Nacional)
300 ## - DESCRIPCIÓN FÍSICA
Extensión 36 p. ;
Dimensiones 23 cm.
490 1# - MENCIÓN DE SERIE
Mención de serie Conferencias del Museo Nacional. Sección de etnología ;
Designación de volumen o secuencia 1
600 14 - PUNTO DE ACCESO ADICIONAL DE MATERIA--NOMBRE DE PERSONA
Nombre de persona Popolocas (Indios)-
Subdivisión general Historia.
9 (RLIN) 226206
830 0# - PUNTO DE ACCESO ADICIONAL DE SERIE-TÍTULO UNIFORME
Título uniforme Conferencias del Museo Nacional. Sección de etnología ;
Designación de volumen o secuencia 1
9 (RLIN) 225187
852 ## - LOCALIZACIÓN
Ubicación ES-MaACL
Número de control de estantería 1591-F-1
Holdings
Estatus retirado Estado de pérdida Estado de daño No para préstamo Colección Biblioteca de origen Biblioteca actual Ubicación en estantería Fecha de adquisición Fuente de adquisición Total de préstamos Signatura topográfica completa Código de barras Visto por última vez Precio de reemplazo Tipo de ítem Koha
        Colección de folletos Biblioteca del Ateneo de Madrid Biblioteca del Ateneo de Madrid Depósito folletos 10/05/2016     1591-F-1 1195220 23/02/2023 23/02/2023 Folleto